| 000 | 00820nam a22002297a 4500 | ||
|---|---|---|---|
| 999 |
_c15930 _d15930 |
||
| 003 | AR-CdUCM | ||
| 008 | 190430b ||||| |||| 00| 0 spa d | ||
| 040 |
_aMUNICIPALIDAD PROVINCIAL DEL CUSCO _cBIBLIOTECA MUNICIPAL DEL CUSCO |
||
| 041 | _hale | ||
| 082 |
_a193 / _bF47 |
||
| 100 |
_aFichte _935170 |
||
| 245 | _aEl destino del sabio / | ||
| 260 |
_aBuenos Aires : _bEdit. Tor, _c[1920]. |
||
| 300 |
_a155 páginas ; _c18 cm. |
||
| 505 | _aContenido: El destino del sabio -- Sobre el destino del hombre en si -- Sobre el destino del hombre en sociedad -- Sobre la diferencia de clases en la sociedad ... | ||
| 650 |
_aHombre _9838 |
||
| 650 |
_aFilosofía alemana _926147 |
||
| 650 |
_aIdealismo _9695 |
||
| 700 |
_aOvejero y Maury, Eduardo (traductor) _935171 |
||
| 942 |
_2ddc _cLIBROS |
||
| 945 |
_aacv _d2019-04-30 |
||